[Event "BL 9394 Dortmund-Bamberg"]
[Site "?"]
[Date "1994.??.??"]
[Round "?.2"]
[White "Mainka, G."]
[Black "Meister, P."]
[Result "1/2-1/2"]
[WhiteElo "2385"]
[BlackElo "2415"]
[PlyCount "99"]
[EventDate "1994.??.??"]

1. d4 e6 2. Nf3 f5 3. c4 Nf6 4. Nc3 Bb4 5. Bg5 O-O 6. Rc1 b6 7. g3 Bb7 8. Bg2
h6 9. Bxf6 Qxf6 10. O-O Bxc3 11. Rxc3 c5 12. dxc5 bxc5 13. Qd6 Rc8 14. Ne5 Bxg2
15. Kxg2 Qf8 16. Rd1 Qxd6 17. Rxd6 Kf8 18. Nxd7+ Ke7 19. Rcd3 Rd8 20. Nb6 Rxd6
21. Nc8+ Kf6 22. Rxd6 a5 23. f4 Ra6 24. Kf3 g5 25. Ke3 gxf4+ 26. gxf4 Rc6 27.
Rxc6 Nxc6 28. Nd6 Nd8 29. Nc8 e5 30. Nb6 exf4+ 31. Kxf4 Ne6+ 32. Ke3 Ke5 33.
Nd5 f4+ 34. Kd3 Nd8 35. a3 Nc6 36. b3 Kf5 37. Nc3 Ne5+ 38. Kd2 h5 39. h3 h4 40.
Ke1 f3 41. Na4 Kf4 42. Nxc5 Nc6 43. Kf2 fxe2 44. Nd3+ Ke4 45. Kxe2 Nd4+ 46. Kd2
Nxb3+ 47. Kc3 Nd4 48. Nf2+ Ke5 49. Ng4+ Ke4 50. Nf2+ 1/2-1/2

[Event "BL 9394 Dortmund-Bamberg"]
[Site "?"]
[Date "1994.??.??"]
[Round "?.3"]
[White "Hennings, A."]
[Black "Kalka, A."]
[Result "1/2-1/2"]
[WhiteElo "2365"]
[BlackElo "2345"]
[PlyCount "100"]
[EventDate "1994.??.??"]

1. e4 c6 2. d4 d5 3. exd5 cxd5 4. c3 Nc6 5. Bf4 Nf6 6. Nd2 g6 7. h3 Bg7 8. Ngf3
Bf5 9. Be2 O-O 10. O-O a6 11. Re1 Rc8 12. Bf1 Re8 13. Ne5 Nd7 14. Nxc6 Rxc6 15.
Nf3 Rb6 16. Qd2 Nf6 17. Rad1 Ne4 18. Qc1 Qc8 19. Bh6 Rf6 20. Bxg7 Kxg7 21. Ne5
b5 22. f3 Ng3 23. Qg5 Nxf1 24. Rxf1 Rd6 25. Qg3 f6 26. Ng4 Bxg4 27. hxg4 Qc4
28. a3 Re6 29. Rde1 Re2 30. g5 fxg5 31. Qxg5 e6 32. Qc1 a5 33. Rxe2 Qxe2 34.
Re1 Qc4 35. Re3 b4 36. axb4 axb4 37. Qe1 bxc3 38. bxc3 Qc7 39. Re5 Qf7 40. Qe3
Qc7 41. f4 Re7 42. Rxe6 Rxe6 43. Qxe6 Qxc3 44. Qe5+ Kh6 45. Kh2 Qb3 46. Qf6 Qe3
47. Qg5+ Kg7 48. Qe5+ Qxe5 49. fxe5 Kf7 50. g3 h6 1/2-1/2

[Event "BL 9394 Dortmund-Bamberg"]
[Site "?"]
[Date "1994.??.??"]
[Round "?.4"]
[White "Lingnau, C."]
[Black "Pribyl, M."]
[Result "1/2-1/2"]
[WhiteElo "2395"]
[BlackElo "2360"]
[PlyCount "66"]
[EventDate "1994.??.??"]

1. d4 Nf6 2. c4 g6 3. g3 d5 4. cxd5 Nxd5 5. Bg2 Bg7 6. e4 Nb6 7. Ne2 c5 8. d5
O-O 9. O-O e5 10. b3 Bg4 11. Be3 Na6 12. Nd2 Nc8 13. f3 Bd7 14. Rc1 Nd6 15. Nc3
b6 16. Nc4 Nxc4 17. bxc4 Nc7 18. f4 Ne8 19. fxe5 Bxe5 20. Bh6 Ng7 21. Kh1 f5
22. Qd2 Rf7 23. Bg5 Qf8 24. Rce1 Re8 25. exf5 Nxf5 26. Ne4 Nd6 27. Rxf7 Qxf7
28. Nxd6 Bxd6 29. Rf1 Qg7 30. Bf6 Qf8 31. Bg5 Qg7 32. Bf6 Qf8 33. Bg5 Qg7
1/2-1/2

[Event "BL 9394 Dortmund-Bamberg"]
[Site "?"]
[Date "1994.??.??"]
[Round "?.5"]
[White "Stickler, A."]
[Black "Buecker, S."]
[Result "0-1"]
[WhiteElo "2245"]
[BlackElo "2335"]
[PlyCount "78"]
[EventDate "1994.??.??"]

1. d4 c5 2. d5 Nf6 3. Nc3 Qa5 4. Bd2 b5 5. e4 b4 6. e5 bxc3 7. Bxc3 Qb6 8. exf6
gxf6 9. g3 Na6 10. Bg2 Bb7 11. Ne2 Qd6 12. Qd2 h5 13. Qf4 Qxf4 14. Nxf4 h4 15.
O-O Nb4 16. a3 Nxc2 17. Rac1 Nd4 18. Bxd4 cxd4 19. Rfd1 Rc8 20. d6 Bc6 21. dxe7
Bg7 22. Rxd4 f5 23. Rb4 hxg3 24. hxg3 a5 25. Rb3 Kxe7 26. Bxc6 Rxc6 27. Re1+
Kd6 28. Rb7 Rc7 29. Rb5 a4 30. Rd5+ Kc6 31. Ra5 Bxb2 32. Rxa4 Rb8 33. Ra6+ Kb5
34. Rh6 Rc1 35. Rxc1 Bxc1 36. Rh5 Bxa3 37. Rxf5+ Kc4 38. Rxf7 d5 39. Rc7+ Kd4 {
Zeit} 0-1

[Event "BL 9394 Dortmund-Bamberg"]
[Site "?"]
[Date "1994.??.??"]
[Round "?.6"]
[White "Seger, R."]
[Black "Loew, G."]
[Result "1-0"]
[WhiteElo "2350"]
[BlackElo "2245"]
[PlyCount "89"]
[EventDate "1994.??.??"]

1. e4 c5 2. c3 Nf6 3. e5 Nd5 4. d4 cxd4 5. Nf3 Nc6 6. Bc4 Nb6 7. Bb3 d5 8. exd6
Qxd6 9. O-O Be6 10. Na3 Bxb3 11. Qxb3 e6 12. Nb5 Qb8 13. Nbxd4 Be7 14. Rd1 O-O
15. Nxc6 bxc6 16. c4 Qc7 17. Qc2 Rad8 18. Be3 Bf6 19. Rac1 Nd7 20. b3 Ne5 21.
Ng5 Bxg5 22. Bxg5 f6 23. Bh4 Ng6 24. Bg3 e5 25. f3 Rxd1+ 26. Rxd1 Rd8 27. Rd3
Nf8 28. Bf2 Rxd3 29. Qxd3 Ne6 30. Qd2 Kf7 31. b4 h6 32. a4 Ke7 33. h3 Kf8 34.
b5 c5 35. Qd5 Nd4 36. a5 Ke7 37. Bxd4 exd4 38. a6 Kf8 39. Qb7 Qf4 40. Qa8+ Kf7
41. Qd5+ Kf8 42. Qe4 Qc7 43. b6 axb6 44. Qa8+ Ke7 45. a7 1-0

[Event "BL 9394 Dortmund-Bamberg"]
[Site "?"]
[Date "1994.??.??"]
[Round "?.7"]
[White "Krauseneck, P."]
[Black "Straeter, T."]
[Result "1-0"]
[WhiteElo "2310"]
[BlackElo "2365"]
[PlyCount "93"]
[EventDate "1994.??.??"]

1. e4 e5 2. f4 exf4 3. Bc4 Nf6 4. Nc3 c6 5. Qf3 b5 6. Bxb5 d5 7. Be2 d4 8. e5
Ng4 9. Ne4 d3 10. Qxd3 Qh4+ 11. g3 fxg3 12. Qxg3 Qxg3+ 13. hxg3 Nxe5 14. d4 Bf5
15. Nf2 Ng6 16. c3 Bd6 17. g4 Be6 18. Be3 Nf4 19. Bf3 Nd5 20. Bd2 O-O 21. Ne4
Bf4 22. Ne2 Bxd2+ 23. Kxd2 Re8 24. Ng5 h6 25. Nxe6 Rxe6 26. c4 Nb6 27. b3 N8d7
28. Rae1 Rd8 29. Ng3 Ne5 30. Bd5 Nxd5 31. Rxe5 Rxe5 32. dxe5 Nf6+ 33. Kc3 Nxg4
34. Re1 Re8 35. Kd4 g6 36. b4 h5 37. Ne4 Kg7 38. Nd6 Re6 39. a4 g5 40. b5 cxb5
41. axb5 Kg6 42. c5 f6 43. Kd5 Rxe5+ 44. Rxe5 Nxe5 45. c6 h4 46. c7 Nd7 47. Nc4
1-0

[Event "BL 9394 Solingen-Zähringen"]
[Site "?"]
[Date "1994.??.??"]
[Round "?.1"]
[White "Gavrikov, V."]
[Black "Chandler, M."]
[Result "1-0"]
[WhiteElo "2590"]
[BlackElo "2565"]
[PlyCount "60"]
[EventDate "1994.??.??"]

1. Nf3 Nf6 2. c4 c5 3. Nc3 Nc6 4. e3 e6 5. d4 d5 6. a3 a6 7. dxc5 Bxc5 8. b4
Ba7 9. Bb2 O-O 10. Qc2 Qe7 11. Rd1 dxc4 12. Ne4 e5 13. Bxc4 Bf5 14. Nxf6+ Qxf6
15. Qe2 Rfe8 16. O-O Rac8 17. Bd5 Bb8 18. b5 axb5 19. Qxb5 Qe7 20. e4 Bg4 21.
Rd3 Ba7 22. a4 Bc5 23. h3 Bd7 24. Qb3 Rc7 25. Rfd1 Bc8 26. Bxc6 Rxc6 27. Nxe5
Rb6 28. Qc2 Re6 29. Nd7 Ba7 30. e5 Qg5 {Zeit} 1-0

[Event "BL 9394 Solingen-Zähringen"]
[Site "?"]
[Date "1994.??.??"]
[Round "?.2"]
[White "Norwood, D."]
[Black "Roos, D."]
[Result "1/2-1/2"]
[WhiteElo "2525"]
[BlackElo "2425"]
[PlyCount "57"]
[EventDate "1994.??.??"]

1. Nf3 Nf6 2. b3 g6 3. Bb2 Bg7 4. d4 O-O 5. Nbd2 d6 6. e4 Nbd7 7. h3 c6 8. Bd3
Qc7 9. O-O Nh5 10. Re1 c5 11. c3 a6 12. a4 b6 13. Bf1 Bb7 14. Qb1 Rae8 15. d5
e6 16. c4 a5 17. dxe6 fxe6 18. Bxg7 Nxg7 19. Qd3 e5 20. Nb1 Ne6 21. Nc3 Nd4 22.
Nb5 Qb8 23. Nfxd4 cxd4 24. f3 Nc5 25. Qb1 Na6 26. Na3 Qd8 27. Nc2 Qg5 28. Kh1
Rb8 29. b4 1/2-1/2

[Event "BL 9394 Solingen-Zähringen"]
[Site "?"]
[Date "1994.??.??"]
[Round "?.3"]
[White "Schuh, H."]
[Black "Podzielny, KH."]
[Result "0-1"]
[WhiteElo "2345"]
[BlackElo "2470"]
[PlyCount "40"]
[EventDate "1994.??.??"]

1. Nf3 c5 2. c4 Nf6 3. Nc3 e6 4. g3 b6 5. Bg2 Bb7 6. O-O d6 7. Re1 Nbd7 8. e4
a6 9. d4 cxd4 10. Nxd4 Qc7 11. f4 h5 12. h3 Rc8 13. Kh2 Be7 14. e5 dxe5 15.
fxe5 Nxe5 16. Rxe5 Bxg2 17. Bf4 Qb7 18. Qa4+ Kf8 19. Rae1 Bc5 20. Nce2 Ng4+ 0-1

[Event "BL 9394 Solingen-Zähringen"]
[Site "?"]
[Date "1994.??.??"]
[Round "?.4"]
[White "Reeh, O."]
[Black "Vatter, HJ."]
[Result "1-0"]
[WhiteElo "2430"]
[BlackElo "2330"]
[PlyCount "93"]
[EventDate "1994.??.??"]

1. e4 c5 2. Nf3 Nc6 3. d4 cxd4 4. Nxd4 g6 5. c4 Nf6 6. Nc3 Nxd4 7. Qxd4 d6 8.
Bg5 Bg7 9. Be2 O-O 10. Qd2 Be6 11. O-O Qa5 12. Rad1 Rfc8 13. b3 a6 14. Bxf6
Bxf6 15. Nd5 Qxd2 16. Nxf6+ Kg7 17. Nh5+ gxh5 18. Rxd2 Rc5 19. f4 f6 20. Re1
Ra7 21. e5 dxe5 22. Bxh5 b5 23. cxb5 axb5 24. fxe5 Rxe5 25. Rxe5 fxe5 26. Bf3
Bf5 27. Kf2 Bb1 28. Be2 Bxa2 29. Rb2 Ra3 30. Bd1 Kf6 31. Ke3 Ke6 32. Kd3 Kd5
33. Kc3 e4 34. Rd2+ Ke5 35. Bc2 Bxb3 36. Bxb3 Ra1 37. Re2 Kf4 38. Bd5 Ra4 39.
Bb3 Ra1 40. Bd5 Ra4 41. Bf7 Ra3+ 42. Kb4 Rd3 43. Kxb5 e3 44. Kc4 Rd2 45. Bh5 e5
46. Rxd2 exd2 47. Kd3 1-0

[Event "BL 9394 Solingen-Zähringen"]
[Site "?"]
[Date "1994.??.??"]
[Round "?.5"]
[White "Raupp, T."]
[Black "Schaefer, Ma"]
[Result "1/2-1/2"]
[WhiteElo "2370"]
[BlackElo "2460"]
[PlyCount "141"]
[EventDate "1994.??.??"]

1. d4 Nf6 2. c4 g6 3. g3 Bg7 4. Bg2 O-O 5. Nc3 d6 6. Nf3 Nbd7 7. O-O e5 8. e4
c6 9. Qc2 Qe7 10. Re1 exd4 11. Nxd4 Ng4 12. Nce2 Nc5 13. h3 Ne5 14. Be3 Ncd3
15. Reb1 c5 16. Nb5 Nb4 17. Qc1 a6 18. Na3 f5 19. f4 Nec6 20. Nc3 fxe4 21. Nc2
Be6 22. Nxb4 Nxb4 23. b3 Rad8 24. a3 Nc6 25. Ra2 Nd4 26. Bxe4 Bxh3 27. Bf2 Bf5
28. Bxf5 Rxf5 29. Qd1 b5 30. Qd3 Qb7 31. Nd5 Re8 32. Re1 Rxe1+ 33. Bxe1 bxc4
34. bxc4 Rf8 35. Bc3 Qd7 36. Kg2 Re8 37. Bxd4 cxd4 38. Re2 Rxe2+ 39. Qxe2 h5
40. Qe4 Kf7 41. Kf3 a5 42. Kg2 h4 43. gxh4 Qg4+ 44. Kf2 Qxh4+ 45. Kg2 Qg4+ 46.
Kf2 Kg8 47. a4 Kh7 48. Qh1+ Qh5 49. Qe4 Qh4+ 50. Ke2 Qh2+ 51. Kf1 Qg3 52. Ke2
Qb3 53. f5 Qxc4+ 54. Kf2 Qa2+ 55. Kg1 Qa1+ 56. Kg2 Qb2+ 57. Kh3 Qf2 58. fxg6+
Kh6 59. Kg4 Qg1+ 60. Kh3 Qf2 61. Kg4 Qg1+ 62. Kh3 Qf1+ 63. Kg4 Qd1+ 64. Kh3
Qh5+ 65. Kg2 Be5 66. Kf1 Qd1+ 67. Kf2 d3 68. Ne3 Qe2+ 69. Kg1 Qh2+ 70. Kf1 Qe2+
71. Kg1 1/2-1/2

[Event "BL 9394 Solingen-Zähringen"]
[Site "?"]
[Date "1994.??.??"]
[Round "?.6"]
[White "Thesing, M."]
[Black "Brendel, O."]
[Result "0-1"]
[WhiteElo "2375"]
[BlackElo "2360"]
[PlyCount "183"]
[EventDate "1994.??.??"]

1. e4 c5 2. Nc3 Nc6 3. Bb5 Nd4 4. Bc4 g6 5. Nf3 d6 6. O-O Nf6 7. h3 Bg7 8. d3
O-O 9. Be3 Nd7 10. Nh2 Nb6 11. Qd2 Nxc4 12. dxc4 f5 13. Rae1 Be6 14. Nd5 fxe4
15. Bxd4 Bxd4 16. Rxe4 Be5 17. Nf3 Rxf3 18. gxf3 Bf5 19. Ne3 Bxe4 20. fxe4 Qf8
21. Ng4 Bf4 22. Qd5+ Qf7 23. Qxf7+ Kxf7 24. f3 Ke6 25. Kg2 a6 26. Nf2 b5 27. b3
bxc4 28. bxc4 Rb8 29. Nd3 Bh6 30. Kf2 Bg7 31. Ke2 Bc3 32. Rd1 a5 33. Rg1 a4 34.
Rd1 Rb7 35. Rg1 Rb8 36. Rd1 Rb6 37. f4 Rb8 38. Rg1 Bd4 39. Rd1 Bc3 40. Rg1 Rb6
41. Kf3 Bd4 42. Rd1 Rb7 43. Ke2 Bc3 44. Rg1 Kf6 45. Rf1 Rb8 46. Rg1 e5 47. Kf3
exf4 48. Kxf4 g5+ 49. Kf3 h6 50. h4 Re8 51. h5 Rh8 52. Rf1 Ke6 53. Ke2 Be5 54.
Rg1 Rf8 55. Rg2 Bd4 56. Rh2 Rg8 57. Rh1 g4 58. Kf1 Kf6 59. Kg2 Kg5 60. Rf1 Kxh5
61. Nf4+ Kg5 62. Ne6+ Kg6 63. Nxd4 cxd4 64. Rd1 Rb8 65. Rxd4 Rb6 66. e5 dxe5
67. Rxg4+ Kf5 68. c5 Rc6 69. Rc4 e4 70. Kf2 Kf4 71. a3 h5 72. Rxa4 Rxc5 73. c4
h4 74. Ra8 Rh5 75. Rf8+ Ke5 76. Ke3 h3 77. Rb8 Rh4 78. Rb5+ Kd6 79. Rb6+ Kc5
80. Rb1 h2 81. Rh1 Kxc4 82. a4 Kd5 83. a5 Rh6 84. Kf4 Kd4 85. Rd1+ Kc3 86. Rh1
Kd3 87. a6 Rxa6 88. Rd1+ Ke2 89. Rh1 Rh6 90. Kg3 e3 91. Kg2 Rg6+ 92. Kh3 0-1

[Event "BL 9394 Solingen-Zähringen"]
[Site "?"]
[Date "1994.??.??"]
[Round "?.7"]
[White "Siegel, G."]
[Black "Beckemeyer, W."]
[Result "1-0"]
[WhiteElo "2385"]
[BlackElo "2390"]
[PlyCount "65"]
[EventDate "1994.??.??"]

1. d4 Nf6 2. c4 g6 3. Nc3 Bg7 4. e4 d6 5. Be2 O-O 6. Bg5 Na6 7. Qd2 e5 8. d5
Qe8 9. Bd1 h5 10. Nge2 Bd7 11. Bc2 Nb4 12. Bb1 a5 13. O-O Nh7 14. Be3 Na6 15.
Bc2 Nb4 16. Bd1 Na6 17. Rc1 Kh8 18. Bc2 f5 19. f4 g5 20. g3 gxf4 21. gxf4 Rg8
22. Kh1 fxe4 23. f5 Nf6 24. Nxe4 Nxe4 25. Bxe4 Qe7 26. Ng3 h4 27. Qe2 Bf6 28.
Nh5 Raf8 29. Bh6 Bg5 30. f6 Bxf6 31. Bxf8 Rxf8 32. Nxf6 Rxf6 33. Qh5+ 1-0

[Event "BL 9394 Solingen-Zähringen"]
[Site "?"]
[Date "1994.??.??"]
[Round "?.8"]
[White "Schmidt, B."]
[Black "Herbrechtsmeier, C."]
[Result "1-0"]
[WhiteElo "2340"]
[BlackElo "2320"]
[PlyCount "33"]
[EventDate "1994.??.??"]

1. d4 Nf6 2. Nf3 g6 3. c4 Bg7 4. Nc3 d5 5. Bg5 Ne4 6. Qc1 h6 7. Bf4 g5 8. Be5
f6 9. Bg3 Nxg3 10. hxg3 dxc4 11. Qc2 c6 12. Qg6+ Kf8 13. e4 b5 14. d5 a6 15.
Nd4 c5 16. Ne6+ Bxe6 17. dxe6 1-0

[Event "BL 9394 Bamberg-Solingen"]
[Site "?"]
[Date "1994.??.??"]
[Round "?.1"]
[White "Chandler, M."]
[Black "Pribyl, J."]
[Result "1-0"]
[WhiteElo "2565"]
[BlackElo "2395"]
[PlyCount "57"]
[EventDate "1994.??.??"]

1. e4 g6 2. d4 c6 3. Nf3 d5 4. e5 Bg4 5. h3 Bxf3 6. Qxf3 e6 7. c3 c5 8. Bb5+
Nc6 9. dxc5 Bxc5 10. O-O a6 11. Bxc6+ bxc6 12. c4 Bf8 13. Nc3 Bg7 14. Re1 h5
15. Be3 h4 16. Rad1 Rh5 17. cxd5 cxd5 18. Nxd5 exd5 19. Rxd5 Qc8 20. Rc5 Qb8
21. e6 f5 22. Bf4 Qd8 23. Qc6+ Kf8 24. Bd6+ Ne7 25. Bxe7+ Kxe7 26. Qb7+ Kf6 27.
Qf7+ Kg5 28. Qxg7 Rh8 29. Rxf5+ 1-0

[Event "BL 9394 Bamberg-Solingen"]
[Site "?"]
[Date "1994.??.??"]
[Round "?.2"]
[White "Meister, P."]
[Black "Norwood, D."]
[Result "0-1"]
[WhiteElo "2415"]
[BlackElo "2525"]
[PlyCount "160"]
[EventDate "1994.??.??"]

1. d4 d6 2. c4 e5 3. Nf3 e4 4. Ng5 f5 5. Nc3 Nf6 6. e3 c6 7. d5 Na6 8. Rb1 Nc7
9. h4 Be7 10. g3 O-O 11. b4 cxd5 12. cxd5 b6 13. Bb2 Bb7 14. Qb3 Rc8 15. Rd1
Qe8 16. Be2 a6 17. Na4 b5 18. Nb6 Rb8 19. Ne6 Nxe6 20. dxe6 Bc6 21. Bxf6 Rxf6
22. Nd5 Bxd5 23. Rxd5 Qc8 24. g4 f4 25. g5 Rf8 26. Bg4 Rb6 27. O-O Rc6 28. Rf5
Rxf5 29. Bxf5 Rc2 30. exf4 Qf8 31. Bh3 Qxf4 32. Qg3 Qxg3+ 33. fxg3 d5 34. Rf7
Rc7 35. Bg2 Bd6 36. Rd7 Rxd7 37. exd7 Bc7 38. Kf2 Bb6+ 39. Ke2 Kf7 40. Bh3 Ke7
41. Bf5 g6 42. Bh3 Kd6 43. Kd2 Ke5 44. Kc3 Bd8 45. a3 Bc7 46. Bg4 d4+ 47. Kd2
Kd6 48. Ke2 Ke7 49. Kf2 Bb6 50. Ke2 d3+ 51. Kd2 Bf2 52. h5 Bb6 53. hxg6 hxg6
54. Kc3 Be3 55. Be6 Bxg5 56. Bd5 d2 57. Kc2 e3 58. Kd1 Kxd7 59. Bb7 Bf6 60.
Bxa6 Kc6 61. Bc8 Bb2 62. Bg4 Bxa3 63. Bf3+ Kd6 64. Ke2 d1=Q+ 65. Kxd1 Bxb4 66.
Ke2 Bd2 67. Kd3 Ke5 68. Bc6 b4 69. Ba4 Kf5 70. Bd7+ Kg5 71. Be6 Kf6 72. Bb3 Kf5
73. Bd1 g5 74. Bf3 b3 75. Bd1 b2 76. Kc2 Bc3 77. Bf3 Be5 78. Kb1 g4 79. Be2
Bxg3 80. Kxb2 Bf2 0-1

[Event "BL 9394 Bamberg-Solingen"]
[Site "?"]
[Date "1994.??.??"]
[Round "?.3"]
[White "Podzielny, KH."]
[Black "Hennings, A."]
[Result "1-0"]
[WhiteElo "2470"]
[BlackElo "2365"]
[PlyCount "141"]
[EventDate "1994.??.??"]

1. d4 d6 2. c4 e5 3. Nf3 e4 4. Ng5 f5 5. Nc3 Nf6 6. h4 c6 7. Nh3 Be7 8. Bg5 Na6
9. e3 O-O 10. Nf4 Nc7 11. Be2 Ne6 12. Qb3 Nxf4 13. Bxf4 Qa5 14. h5 Kh8 15. f3
Bd7 16. h6 g6 17. Bg5 exf3 18. Bxf3 Rae8 19. O-O-O Bc8 20. Kb1 Ng8 21. Bxe7
Rxe7 22. d5 c5 23. Ne2 Rfe8 24. Rd3 Nf6 25. Nf4 Nd7 26. Rc3 Ne5 27. Qd1 a6 28.
Ne6 b5 29. Ng7 b4 30. Rc2 Rf8 31. Re1 Rf6 32. b3 Qd8 33. Ne6 Qe8 34. Rd2 a5 35.
e4 f4 36. Bg4 a4 37. Ng7 Qd8 38. Bxc8 Qxc8 39. Ne6 axb3 40. axb3 Ra7 41. Ra2
Rxa2 42. Kxa2 g5 43. Kb1 Rxh6 44. Rh1 Rxe6 45. dxe6 Qxe6 46. Qh5 Qe7 47. Qh6
Ng4 48. Qg6 Nf2 49. Rh6 Qxe4+ 50. Qxe4 Nxe4 51. Kc2 Kg7 52. Re6 Ng3 53. Kd3 Nf5
54. Ke4 Nh4 55. Rxd6 Nxg2 56. Rd5 g4 57. Rxc5 f3 58. Rf5 Kg6 59. c5 Nh4 60. Rf8
g3 61. c6 g2 62. c7 f2 63. c8=Q g1=Q 64. Qc6+ Kh5 65. Qc5+ Kh6 66. Rxf2 Qg4+
67. Kd3 Qd1+ 68. Kc4 Qg4+ 69. Kb5 Ng6 70. Rh2+ Kg7 71. Qc7+ 1-0

[Event "BL 9394 Bamberg-Solingen"]
[Site "?"]
[Date "1994.??.??"]
[Round "?.5"]
[White "Schaefer, Ma"]
[Black "Loew, G."]
[Result "1/2-1/2"]
[WhiteElo "2460"]
[BlackElo "2245"]
[PlyCount "82"]
[EventDate "1994.??.??"]

1. e4 c5 2. Nf3 Nc6 3. d4 cxd4 4. Nxd4 Nf6 5. Nc3 e5 6. Ndb5 d6 7. Bg5 a6 8.
Na3 b5 9. Bxf6 gxf6 10. Nd5 f5 11. exf5 Bxf5 12. c3 Bg7 13. Nc2 Ne7 14. Nce3
Be6 15. g3 Nxd5 16. Nxd5 O-O 17. Bg2 a5 18. O-O Rb8 19. Qh5 f5 20. Rad1 Kh8 21.
Rd2 Bf7 22. Qd1 Qd7 23. f4 e4 24. Kh1 b4 25. c4 a4 26. Ne3 Rbd8 27. Qe2 Qc8 28.
h3 Qc5 29. g4 fxg4 30. hxg4 Bd4 31. Nd5 Bxd5 32. cxd5 Be3 33. Rc2 Qa7 34. Rc4
Bxf4 35. Qxe4 Be5 36. Rf5 Rxf5 37. Qxf5 Qe3 38. Qf3 Qe1+ 39. Bf1 Qh4+ 40. Qh3
Qxh3+ 41. Bxh3 Bxb2 1/2-1/2

[Event "BL 9394 Bamberg-Solingen"]
[Site "?"]
[Date "1994.??.??"]
[Round "?.6"]
[White "Krauseneck, P."]
[Black "Thesing, M."]
[Result "1/2-1/2"]
[WhiteElo "2310"]
[BlackElo "2375"]
[PlyCount "118"]
[EventDate "1994.??.??"]

1. e4 c5 2. Nf3 e6 3. c3 Nf6 4. e5 Nd5 5. d4 cxd4 6. Qxd4 Nc6 7. Qe4 b6 8. Bg5
Qc7 9. Bc4 Nde7 10. Bf4 Ng6 11. Bg3 Bb7 12. Qe2 d6 13. exd6 Bxd6 14. Na3 a6 15.
O-O Bxg3 16. hxg3 Nge5 17. Rad1 O-O 18. Nxe5 Nxe5 19. Bb3 Rad8 20. Nc2 Qc6 21.
f3 Qc5+ 22. Kh2 Nc6 23. Qe3 Na5 24. Qxc5 bxc5 25. Ne3 Rb8 26. Ba4 Rfd8 27. b4
cxb4 28. cxb4 Nc6 29. a3 Nd4 30. Kg1 Ne2+ 31. Kf2 Nc3 32. Rxd8+ Rxd8 33. Bb3
Rd2+ 34. Kg1 Ne2+ 35. Kh2 Rd3 36. Rd1 Rxd1 37. Bxd1 Nd4 38. Nc2 Nxc2 39. Bxc2
Kf8 40. Kg1 Ke7 41. Kf2 g6 42. Bd3 Kd6 43. Ke3 e5 44. g4 h6 45. g3 g5 46. Be4
Bc8 47. Kd3 f6 48. Ke3 Kc7 49. Bd5 Kb6 50. Kd3 Bd7 51. Ke4 Kb5 52. Bb3 Bc6+ 53.
Ke3 Bb7 54. f4 exf4+ 55. gxf4 gxf4+ 56. Kxf4 Bc8 57. Kg3 f5 58. gxf5 Bxf5 59.
Kh4 a5 1/2-1/2

[Event "BL 9394 Zähringen-Bamberg"]
[Site "?"]
[Date "1994.??.??"]
[Round "?.1"]
[White "Beckhuis, G."]
[Black "Gavrikov, V."]
[Result "0-1"]
[WhiteElo "2195"]
[BlackElo "2590"]
[PlyCount "48"]
[EventDate "1994.??.??"]

1. Nf3 Nf6 2. c4 b6 3. d4 e6 4. g3 Ba6 5. b3 d5 6. Bg2 c5 7. O-O Nc6 8. cxd5
exd5 9. Bb2 Rc8 10. Nc3 Be7 11. Rc1 O-O 12. dxc5 d4 13. Nb1 bxc5 14. Nbd2 Re8
15. Nc4 Nd5 16. Ne1 Bg5 17. Rb1 Nb6 18. Nxb6 axb6 19. Nd3 Nb4 20. Ra1 Rxe2 21.
Nxb4 cxb4 22. Qxd4 Rxb2 23. Qxb2 Bf6 24. Qb1 Bxf1 0-1

[Event "BL 9394 Zähringen-Bamberg"]
[Site "?"]
[Date "1994.??.??"]
[Round "?.3"]
[White "Kalka, A."]
[Black "Schuh, H."]
[Result "1-0"]
[WhiteElo "2345"]
[BlackElo "2345"]
[PlyCount "101"]
[EventDate "1994.??.??"]

1. e4 c5 2. Nf3 d6 3. d4 cxd4 4. Nxd4 Nf6 5. Nc3 Nc6 6. Bg5 e6 7. Qd2 Be7 8.
O-O-O O-O 9. Ndb5 Qa5 10. Bxf6 Bxf6 11. Nxd6 Rd8 12. f4 e5 13. Qd5 Qxd5 14.
exd5 Rxd6 15. Ne4 Rd8 16. dxc6 Rxd1+ 17. Kxd1 bxc6 18. Nxf6+ gxf6 19. Bd3 Rb8
20. b3 exf4 21. Rf1 f3 22. gxf3 Be6 23. f4 c5 24. c4 h6 25. Kc2 Kf8 26. Re1 Rd8
27. Kc3 Rd4 28. Re4 Rd6 29. Re2 Bg4 30. Rg2 Bf3 31. Rg3 Bh1 32. Rh3 Kg7 33. Rh5
Rc6 34. a3 a5 35. b4 axb4+ 36. axb4 cxb4+ 37. Kxb4 Re6 38. Rh3 Re1 39. c5 Rd1
40. Kb5 Kf8 41. Re3 Bg2 42. Be4 Bf1+ 43. Kb6 Rd2 44. h3 Rb2+ 45. Kc7 Rh2 46.
Bf5 Rf2 47. Bd3 Bg2 48. Be4 Bf1 49. Rf3 Rxf3 50. Bxf3 Bxh3 51. Kd8 1-0

[Event "BL 9394 Zähringen-Bamberg"]
[Site "?"]
[Date "1994.??.??"]
[Round "?.5"]
[White "Buecker, S."]
[Black "Raupp, T."]
[Result "0-1"]
[WhiteElo "2335"]
[BlackElo "2370"]
[PlyCount "85"]
[EventDate "1994.??.??"]

1. f4 d5 2. b3 Nf6 3. Bb2 g6 4. Nf3 Bg7 5. e3 O-O 6. Be2 c5 7. O-O Nc6 8. Ne5
Bd7 9. Bf3 Rc8 10. Qe1 d4 11. Na3 dxe3 12. dxe3 Nxe5 13. Bxe5 Bc6 14. Rd1 Qb6
15. Nc4 Qa6 16. Be2 b5 17. Na5 Be4 18. a4 Bxc2 19. Bxb5 Qe6 20. Bc4 Qb6 21. Rc1
Be4 22. Bc3 Rfd8 23. Qe2 Ne8 24. Be1 Nd6 25. Ba6 Rb8 26. Rf2 Bf6 27. Bb5 Nxb5
28. Nc4 Qe6 29. axb5 Rxb5 30. Na5 Rdb8 31. Rd1 Bh4 32. g3 Bf6 33. Qd2 Ba8 34.
Qd3 Qb6 35. e4 Bd4 36. Nc4 Qc7 37. b4 Bxf2+ 38. Kxf2 cxb4 39. Ne5 Rxe5 40. fxe5
Qxe5 41. Bxb4 Rxb4 42. Qd8+ Kg7 43. Qxa8 0-1

[Event "BL 9394 Zähringen-Bamberg"]
[Site "?"]
[Date "1994.??.??"]
[Round "?.6"]
[White "Brendel, O."]
[Black "Seger, R."]
[Result "1/2-1/2"]
[WhiteElo "2360"]
[BlackElo "2350"]
[PlyCount "80"]
[EventDate "1994.??.??"]

1. e4 c6 2. d4 d5 3. Nd2 dxe4 4. Nxe4 Bf5 5. Ng3 Bg6 6. h4 h6 7. Nh3 Nf6 8. Nf4
Bh7 9. Bc4 Na6 10. c3 b5 11. Qf3 Rc8 12. Be2 Nb8 13. a4 a6 14. axb5 axb5 15. d5
Nxd5 16. Nxd5 Qxd5 17. Qxd5 cxd5 18. Bxb5+ Kd8 19. Be3 Nd7 20. O-O e6 21. Ra7
Rc7 22. Rxc7 Kxc7 23. Ra1 Bc5 24. Bxd7 Bxe3 25. fxe3 Kxd7 26. Ra7+ Kd6 27. Rxf7
Rb8 28. Rf2 Ra8 29. Rd2 Ra4 30. Rd4 Ra1+ 31. Kf2 Rc1 32. Rd2 Ke5 33. Kf3 Rb1
34. Kf2 Rc1 35. Kf3 Rb1 36. b4 Rb3 37. Ne2 Be4+ 38. Kf2 Kf6 39. Ng3 Ke5 40. Ne2
Kf6 1/2-1/2

[Event "BL 9394 Zähringen-Bamberg"]
[Site "?"]
[Date "1994.??.??"]
[Round "?.7"]
[White "Straeter, T."]
[Black "Siegel, G."]
[Result "1/2-1/2"]
[WhiteElo "2365"]
[BlackElo "2385"]
[PlyCount "73"]
[EventDate "1994.??.??"]

1. d4 Nf6 2. Nf3 g6 3. Bg5 Bg7 4. Nbd2 O-O 5. c3 d6 6. e4 h6 7. Bh4 c5 8. dxc5
dxc5 9. Bc4 Nc6 10. O-O Na5 11. Be2 Be6 12. Qc2 Qb6 13. Ne5 Rad8 14. Rad1 Qc7
15. Bg3 Qc8 16. Qa4 b6 17. b4 Rxd2 18. Rxd2 Nxe4 19. bxa5 Nxd2 20. Rd1 Bxe5 21.
Bxe5 Rd8 22. Qf4 g5 23. Qa4 Bd7 24. Qa3 Bc6 25. Qb2 Qe6 26. c4 Rd7 27. Rxd2
Rxd2 28. Qxd2 Qxe5 29. axb6 axb6 30. Qd8+ Kg7 31. Bf1 Be4 32. Qxb6 Qa1 33. Qd8
e6 34. h4 gxh4 35. Qxh4 Bg6 36. Qg3 Kh7 37. Qb3 1/2-1/2

[Event "BL 9394 Zähringen-Bamberg"]
[Site "?"]
[Date "1994.??.??"]
[Round "?.8"]
[White "Herbrechtsmeier, C."]
[Black "Michalek, C."]
[Result "1/2-1/2"]
[WhiteElo "2320"]
[BlackElo "2220"]
[PlyCount "47"]
[EventDate "1994.??.??"]

1. e4 e6 2. d4 d5 3. Nc3 Nf6 4. Bg5 Be7 5. e5 Nfd7 6. Bxe7 Qxe7 7. f4 a6 8. Nf3
c5 9. dxc5 Qxc5 10. Qd2 Nc6 11. Bd3 b5 12. Qf2 Bb7 13. Ne2 Qb4+ 14. c3 Qxb2 15.
O-O Qa3 16. Nfd4 Nxd4 17. Nxd4 Qe7 18. Qe3 g6 19. Rfb1 Nc5 20. Bc2 Rc8 21. a4
bxa4 22. Bxa4+ Nxa4 23. Rxa4 O-O 24. f5 1/2-1/2

[Event "BL 9394 Erfurt-Empor Berlin"]
[Site "?"]
[Date "1994.??.??"]
[Round "?.2"]
[White "Casper, T."]
[Black "Kovalev, A."]
[Result "0-1"]
[WhiteElo "2440"]
[BlackElo "2530"]
[PlyCount "104"]
[EventDate "1994.??.??"]

1. e4 c5 2. Nf3 d6 3. c3 Nf6 4. Bb5+ Bd7 5. Qe2 Bxb5 6. Qxb5+ Qd7 7. Qxd7+
Nbxd7 8. d3 c4 9. dxc4 Nxe4 10. O-O Rc8 11. Na3 a6 12. Bf4 e5 13. Rfe1 f5 14.
Be3 Be7 15. Rad1 O-O 16. Nd2 Nec5 17. Nf1 e4 18. f3 Nd3 19. Re2 exf3 20. gxf3
N3e5 21. Nd2 f4 22. Bd4 Rf5 23. Kf1 Kf7 24. Nc2 g5 25. Bxe5 Nxe5 26. Nd4 Rf6
27. Ne4 Nxc4 28. Nxf6 Bxf6 29. Nc2 Be5 30. Rb1 h5 31. b3 Nb6 32. c4 g4 33. Ne1
Nd7 34. Nd3 Kf6 35. Rd1 gxf3 36. Rf2 Kf5 37. Rxf3 Nf6 38. Nf2 Ng4 39. Nxg4 hxg4
40. Rfd3 Rh8 41. Kg1 f3 42. R1d2 Rh6 43. Rd5 Ke6 44. R5d3 Bf4 45. c5 dxc5 46.
Rc2 Be5 47. Re3 Kd5 48. Rxe5+ Kxe5 49. Rxc5+ Kd4 50. Rc7 b5 51. Rg7 Re6 52.
Rxg4+ Ke3 0-1